The Indian Express (Record no. 19923)
[ view plain ]
| 000 -LEADER | |
|---|---|
| fixed length control field | 00247nam a22000977a 4500 |
| 008 - FIXED-LENGTH DATA ELEMENTS--GENERAL INFORMATION | |
| fixed length control field | 230301b |||||||| |||| 00| 0 eng d |
| 245 ## - TITLE STATEMENT | |
| Title | The Indian Express |
| 260 ## - PUBLICATION, DISTRIBUTION, ETC. (IMPRINT) | |
| Place of publication | Chandigarh |
| Name of publisher | Mukesh Kumar Bhatnagar |
| Year of publication | 2023 |
| 300 ## - PHYSICAL DESCRIPTION | |
| Number of Pages | 16 |
| 942 ## - ADDED ENTRY ELEMENTS (KOHA) | |
| Source of classification or shelving scheme | Dewey Decimal Classification |
| Koha item type | News Paper |
| Accession Number | Source of acquisition | Price effective from | Koha item type | Withdrawn / writtenoff status | Damaged status | Not for loan | Permanent Location | Current Location | Date acquired | Lost/ Missing status |
|---|---|---|---|---|---|---|---|---|---|---|
| N 6 | Vijay News Agency | 03/01/2023 | News Paper | MIET Library, Jammu | MIET Library, Jammu | 02/01/2023 |